[Event "AUTO-MASTER-1160"]
[Site "http://www.queenalice.com/game.php?id=798473"]
[Date "2010.7.4"]
[Round "1"]
[White "leduar"]
[Black "Mix"]
[Result "0-1"]
[WhiteElo "1997"]
[BlackElo "2196"]

1. e4 c6 2. d4 d5 3. Nc3 dxe4 4. Nxe4 Nf6 5. Nxf6+ gxf6 6. Bc4 Bf5 7. Bd3 Qxd4
8. Nf3 Qd5 9. Bxf5 Qxf5 10. O-O Nd7 11. Nh4 Qe4 12. Nf3 O-O-O 13. Re1 Qg4 14.
Qd3 Rg8 15. g3 e5 16. Re4 Qe6 17. Nd4 Qd5 18. Nf5 Qxd3 19. cxd3 Nc5 20. d4 Nxe4
21. dxe5 Rd1+ 22. Kg2 fxe5 23. f3 Ng5 24. h4 Ne6 25. Ne3 Rd3 26. Ng4 e4 27. Nf6
exf3+ 28. Kf2 Bc5+ 0-1

[Event "AUTO-ELITE-593"]
[Site "http://www.queenalice.com/game.php?id=810205"]
[Date "2010.7.29"]
[Round "1"]
[White "Mix"]
[Black "cesargarcia"]
[Result "0-1"]
[WhiteElo "2257"]
[BlackElo "2325"]

1. d4 Nf6 2. c4 e6 3. g3 Bb4+ 4. Bd2 Qe7 5. Nf3 d5 6. Bg2 Nc6 7. O-O O-O 8. Qc2
Rd8 9. Rd1 a5 10. Bg5 h6 11. Bxf6 Qxf6 12. a3 Be7 13. cxd5 exd5 14. Nc3 a4 15.
Nxa4 Bg4 16. Ne5 Nxe5 17. dxe5 Qxe5 18. Nc3 c6 19. Re1 h5 20. h3 Bd7 21. e3 h4
22. Ne2 hxg3 23. Nxg3 Bf6 24. Re2 Qg5 25. Rd1 Be5 26. Kh2 Qh6 27. Rh1 Re8 28.
Rhe1 Bg4 29. Rd2 Re6 30. Qb3 b5 31. Rc1 Rae8 32. Qb4 f5 33. Rdc2 f4 0-1

[Event "AUTO-ELITE-593"]
[Site "http://www.queenalice.com/game.php?id=810206"]
[Date "2010.7.29"]
[Round "1"]
[White "cesargarcia"]
[Black "Mix"]
[Result "1/2-1/2"]
[WhiteElo "2363"]
[BlackElo "2284"]

1. d4 Nf6 2. Nf3 g6 3. c4 Bg7 4. Nc3 O-O 5. e4 d6 6. Be2 e5 7. dxe5 dxe5 8. Qxd8
Rxd8 9. Bg5 Nbd7 10. Rd1 Rf8 11. O-O c6 12. h3 h6 13. Be3 Re8 14. Ne1 Nf8 15.
Nd3 N6d7 16. Rd2 Ne6 17. Bg4 Ndf8 18. h4 Nd4 19. Bxc8 Raxc8 20. Nxe5 Nfe6 21. f4
c5 22. Nd3 b6 23. g4 f5 24. gxf5 gxf5 25. e5 Kf7 26. Kf2 Rg8 27. Rg1 Bf8 28.
Rxg8 Kxg8 29. h5 Kf7 30. Rd1 Be7 31. Rg1 Bh4+ 32. Kf1 Nc2 33. Ke2 Rg8 34. Rxg8
Kxg8 35. Nb5 a5 36. Nd6 Nxe3 37. Kxe3 Ng7 38. b3 Bd8 39. Nb2 Bc7 40. Nc8 Kf7 41.
Na4 Nxh5 42. Kf3 Ng7 43. Ncxb6 Bxb6 44. Nxb6 Ne6 45. Kg3 Ke8 46. Nd5 Kf7 47. Kh4
Kg6 48. Kh3 Kg7 49. Kh2 Kf8 50. Kg1 Kf7 51. Kf2 Kf8 52. Ke3 Kf7 53. Kf3 Kf8 54.
Nc3 Kf7 1/2-1/2

[Event "AUTO-ELITE-593"]
[Site "http://www.queenalice.com/game.php?id=810207"]
[Date "2010.7.29"]
[Round "1"]
[White "Mix"]
[Black "BeHappy"]
[Result "1-0"]
[WhiteElo "2242"]
[BlackElo "2213"]

1. d4 Nf6 2. c4 e6 3. g3 d5 4. Bg2 Bb4+ 5. Bd2 Bxd2+ 6. Nxd2 c6 7. Ngf3 O-O 8.
O-O Nbd7 9. Qc2 Re8 10. e4 dxe4 11. Nxe4 Nxe4 12. Qxe4 f6 13. Rfd1 Nf8 14. b4
Re7 15. Re1 Rf7 16. Nd2 Bd7 17. c5 Be8 18. Nc4 Rd7 19. Nd6 Bg6 20. Qe3 a6 21.
Bh3 Kh8 22. Bxe6 Re7 23. Qb3 b5 24. d5 Qc7 25. dxc6 Rb8 26. Bd5 Rd8 27. Re3 h6
28. Rae1 Rxe3 29. Qxe3 1-0

[Event "AUTO-ELITE-593"]
[Site "http://www.queenalice.com/game.php?id=810208"]
[Date "2010.7.29"]
[Round "1"]
[White "BeHappy"]
[Black "Mix"]
[Result "1/2-1/2"]
[WhiteElo "2181"]
[BlackElo "2247"]

1. d4 Nf6 2. c3 g6 3. g3 Bg7 4. Bg2 O-O 5. Nf3 d6 6. O-O Nbd7 7. Nbd2 e5 8. e4
c6 9. Re1 Qc7 10. b3 b5 11. Bb2 Bb7 12. a4 a6 13. a5 Rfe8 14. Qc2 Rac8 15. Qd3
Nf8 16. c4 N8d7 17. Bh3 Rcd8 18. b4 exd4 19. Bxd4 bxc4 20. Qxc4 c5 21. Bc3 Qc6
22. Ng5 d5 23. exd5 Qxd5 24. Qxd5 Bxd5 25. Bf1 cxb4 26. Bxb4 Ne4 27. Ngxe4 Bxa1
28. Rxa1 Bxe4 29. Bxa6 Nb8 30. Bf1 Bd3 31. a6 Nxa6 32. Rxa6 Bxa6 33. Bxa6 Re1+
34. Kg2 Ra1 35. Bf1 Ra2 36. Nf3 Rb2 37. Bc5 Rc8 38. Bd4 Rb4 39. h4 h5 40. Ba6
Rc6 41. Bd3 Rxd4 42. Nxd4 Rd6 43. Bxg6 fxg6 44. Nf3 Rf6 45. Ng5 Kg7 46. Ne4 Ra6
47. Kf3 Ra5 48. Kg2 Ra3 49. Kh2 Kf7 50. Kg2 Ke6 51. Ng5+ Kf5 52. Nf7 Rc3 53. Ng5
Ra3 54. Nf7 1/2-1/2

[Event "AUTO-OPEN-1943"]
[Site "http://www.queenalice.com/game.php?id=824589"]
[Date "2010.8.28"]
[Round "2"]
[White "Blutigeroo"]
[Black "Mix"]
[Result "0-1"]
[WhiteElo "1904"]
[BlackElo "2253"]

1. f4 Nf6 2. Nf3 d6 3. e3 g6 4. Be2 Bg7 5. O-O O-O 6. Nc3 c5 7. Bc4 d5 8. Be2
Nc6 9. a3 Re8 10. Na2 e5 11. fxe5 Nxe5 12. b4 Ne4 13. c3 c4 14. Nxe5 Bxe5 15. d3
Qh4 16. Rf4 Bxf4 17. exf4 cxd3 18. Bxd3 Qf2+ 19. Kh1 Nxc3 0-1

[Event "AUTO-OPEN-1943"]
[Site "http://www.queenalice.com/game.php?id=824590"]
[Date "2010.8.28"]
[Round "2"]
[White "Mix"]
[Black "Blutigeroo"]
[Result "1-0"]
[WhiteElo "2255"]
[BlackElo "1922"]

1. d4 d6 2. g3 c6 3. Nf3 Nf6 4. Bg2 e6 5. c4 d5 6. O-O Be7 7. Qc2 h6 8. Nbd2 O-O
9. e4 dxe4 10. Nxe4 Nxe4 11. Qxe4 f5 12. Qc2 Na6 13. a3 c5 14. Rd1 Qc7 15. Bf4
Qb6 16. Be5 Bf6 17. d5 Rd8 18. Bxf6 gxf6 19. dxe6 Bxe6 20. Nh4 Rf8 21. Nxf5 Bxf5
22. Qxf5 Kg7 23. Qg4+ Kh8 24. Rd7 Rg8 25. Qf5 Rg7 26. Rxg7 Kxg7 27. Qd7+ Kg6 28.
Be4+ f5 29. Qxf5+ Kg7 30. Qh7+ Kf6 31. Qxh6+ Ke5 32. Qf4+ Ke6 33. Re1 1-0

[Event "AUTO-MASTER-1160"]
[Site "http://www.queenalice.com/game.php?id=830209"]
[Date "2010.9.9"]
[Round "2"]
[White "andreavb"]
[Black "Mix"]
[Result "0-1"]
[WhiteElo "2150"]
[BlackElo "2281"]

1. e4 c6 2. d4 d5 3. exd5 cxd5 4. Bd3 Nc6 5. c3 Nf6 6. h3 e5 7. dxe5 Nxe5 8. Nf3
Nxd3+ 9. Qxd3 Be7 10. O-O O-O 11. Bg5 h6 12. Be3 b6 13. Nbd2 Bb7 14. Nd4 Bc5 15.
N2f3 Ne4 16. Rad1 Re8 17. Rfe1 Qf6 18. Re2 a5 19. Nb5 Rad8 20. Bd4 Bxd4 21. Qxd4
Qc6 22. a4 Ba6 23. Qd3 Nc5 24. Rxe8+ Qxe8 25. Qf1 Nxa4 26. Nc7 Bxf1 27. Nxe8 Be2
28. Re1 Rxe8 29. Nd4 Bb5 0-1

[Event "AUTO-MASTER-1160"]
[Site "http://www.queenalice.com/game.php?id=830210"]
[Date "2010.9.9"]
[Round "2"]
[White "Mix"]
[Black "andreavb"]
[Result "1-0"]
[WhiteElo "2289"]
[BlackElo "2142"]

1. d4 Nf6 2. c4 d6 3. Nc3 Nbd7 4. e4 e5 5. Nf3 c6 6. Be2 Be7 7. O-O O-O 8. Be3
Qc7 9. d5 Rd8 10. Nd2 Nf8 11. Kh1 Ng6 12. g3 Bh3 13. Rg1 Bd7 14. Rc1 Rac8 15. b4
a5 16. a3 axb4 17. axb4 Ra8 18. Ra1 h6 19. Na4 c5 20. bxc5 dxc5 21. Qb3 Ng4 22.
Bxg4 Bxg4 23. Qb6 Qd7 24. Nxc5 Bxc5 25. Bxc5 f5 26. Qxg6 fxe4 27. Qxe4 Rac8 28.
Be3 Re8 29. Rgc1 1-0

[Event "AUTO-MASTER-1160"]
[Site "http://www.queenalice.com/game.php?id=830213"]
[Date "2010.9.9"]
[Round "2"]
[White "Mix"]
[Black "Patrick_Vieira"]
[Result "1/2-1/2"]
[WhiteElo "2275"]
[BlackElo "2425"]

1. d4 Nf6 2. c4 e6 3. Nf3 b6 4. g3 Ba6 5. b3 Bb4+ 6. Bd2 Be7 7. Bg2 c6 8. Bc3 d5
9. Ne5 Nfd7 10. Nxd7 Nxd7 11. Nd2 O-O 12. O-O Rc8 13. e4 b5 14. Re1 dxe4 15.
Nxe4 bxc4 16. Qe2 Nf6 17. Nc5 Bxc5 18. dxc5 Qd3 19. Bxf6 Qxe2 20. Rxe2 gxf6 21.
Re4 f5 22. Rf4 c3 23. Bf1 Bxf1 24. Kxf1 Rfd8 25. Rc1 Rd2 26. Ra4 Rd3 27. Rc2
Rcd8 28. Rc4 a5 29. R2xc3 1/2-1/2

[Event "AUTO-MASTER-1160"]
[Site "http://www.queenalice.com/game.php?id=830214"]
[Date "2010.9.9"]
[Round "2"]
[White "Patrick_Vieira"]
[Black "Mix"]
[Result "1/2-1/2"]
[WhiteElo "2422"]
[BlackElo "2280"]

1. d4 Nf6 2. c4 e6 3. Nf3 b6 4. g3 Ba6 5. b3 Bb7 6. Bg2 Bb4+ 7. Bd2 c5 8. O-O
O-O 9. Bxb4 cxb4 10. Qd3 d6 11. Nbd2 a5 12. Ng5 Bxg2 13. Kxg2 Nc6 14. h3 h6 15.
Nge4 Nxe4 16. Qxe4 Ne7 17. Qd3 Qd7 18. e4 Rac8 19. Rae1 Rfe8 20. f4 b5 21. cxb5
Rc3 22. Qe2 Rb8 23. Nb1 Rcc8 24. a4 bxa3 25. Nxa3 d5 26. f5 exf5 1/2-1/2

[Event "AUTO-OPEN-1943"]
[Site "http://www.queenalice.com/game.php?id=840290"]
[Date "2010.10.1"]
[Round "3"]
[White "Mix"]
[Black "kookaburra"]
[Result "1-0"]
[WhiteElo "2253"]
[BlackElo "2211"]

1. d4 Nf6 2. c4 e6 3. Nf3 b6 4. g3 Bb7 5. Bg2 Bb4+ 6. Bd2 Qe7 7. a3 Bxd2+ 8.
Nbxd2 d6 9. Qc2 Nbd7 10. O-O O-O 11. e4 e5 12. d5 a5 13. b4 c6 14. Rfc1 Rfc8 15.
Qb2 cxd5 16. cxd5 axb4 17. Rxc8+ Bxc8 18. axb4 Rxa1+ 19. Qxa1 Nf8 20. Qa8 Qc7
21. Qc6 Qb8 22. Nc4 Nxe4 23. Qxb6 Qxb6 24. Nxb6 Ba6 25. Nxe5 Nf6 26. Nec4 Ne8
27. Bf1 Bxc4 28. Bxc4 Ng6 29. f4 Ne7 30. b5 Nc7 31. Nd7 Nxb5 32. Bxb5 Nxd5 33.
Kf2 h5 34. f5 1-0

[Event "AUTO-OPEN-1943"]
[Site "http://www.queenalice.com/game.php?id=840291"]
[Date "2010.10.1"]
[Round "3"]
[White "kookaburra"]
[Black "Mix"]
[Result "0-1"]
[WhiteElo "2221"]
[BlackElo "2264"]

1. c4 g6 2. Nc3 Bg7 3. Nf3 d6 4. d4 a6 5. e4 h6 6. Be2 Nd7 7. Be3 e6 8. Qd2 Ne7
9. Rc1 b6 10. O-O Bb7 11. Rfd1 Nf6 12. h3 Nxe4 13. Nxe4 Bxe4 14. b4 Nf5 15. d5
exd5 16. cxd5 O-O 17. Rc4 Re8 18. Rdc1 Nxe3 19. fxe3 Rc8 20. Nd4 Qg5 21. Bg4
Bxd5 22. Bxc8 Bxc4 23. Rxc4 Rxc8 24. Nf3 Qe7 25. Kf2 c5 26. bxc5 dxc5 27. Qd5
Rd8 28. Qc6 Qd6 29. Qb7 b5 30. Rc2 Qe6 31. a4 b4 32. Rxc5 Qa2+ 33. Kg3 b3 34.
Rc6 b2 35. Rb6 Re8 36. e4 Qxa4 37. e5 Bxe5+ 38. Nxe5 Rxe5 39. Rb4 Qa3+ 40. Rb3
Rb5 41. Qc8+ Qf8 0-1

[Event "AUTO-OPEN-1918"]
[Site "http://www.queenalice.com/game.php?id=869272"]
[Date "2010.12.8"]
[Round "2"]
[White "churrasca"]
[Black "Mix"]
[Result "0-1"]
[WhiteElo "2248"]
[BlackElo "2269"]

1. e4 c6 2. d4 d5 3. e5 c5 4. dxc5 e6 5. a3 Nc6 6. Nf3 Bxc5 7. Bd3 Nge7 8. Nc3
Ng6 9. Bg5 Be7 10. Bxe7 Qxe7 11. Bxg6 hxg6 12. O-O a6 13. Re1 Bd7 14. h3 Rc8 15.
Ne2 Qc5 16. c3 Qb6 0-1

[Event "AUTO-OPEN-1918"]
[Site "http://www.queenalice.com/game.php?id=869273"]
[Date "2010.12.8"]
[Round "2"]
[White "Mix"]
[Black "churrasca"]
[Result "1-0"]
[WhiteElo "2280"]
[BlackElo "2237"]

1. Nf3 Nf6 2. g3 g6 3. b3 Bg7 4. Bb2 O-O 5. Bg2 d6 6. d4 Nbd7 7. O-O Ne4 8. Nfd2
Nxd2 9. Qxd2 Re8 10. c4 e5 11. dxe5 Nxe5 12. Nc3 a5 13. Rac1 Nd7 14. Nd5 Nc5 15.
Bxg7 Kxg7 16. Rfe1 1-0

[Event "AUTO-MASTER-1107"]
[Site "http://www.queenalice.com/game.php?id=889124"]
[Date "2011.1.21"]
[Round "2"]
[White "Mix"]
[Black "castel1341"]
[Result "1/2-1/2"]
[WhiteElo "2291"]
[BlackElo "2119"]

1. Nf3 Nf6 2. c4 e6 3. g3 d5 4. Bg2 c6 5. b3 Nbd7 6. Bb2 Bc5 7. d4 Bb4+ 8. Nbd2
Ne4 9. O-O f5 10. a3 Nxd2 11. Nxd2 Bd6 12. Nf3 O-O 13. e3 Nf6 14. a4 Qe7 15. Qc1
Ne4 16. Ba3 Bxa3 17. Qxa3 Qxa3 18. Rxa3 Bd7 19. Ne5 Be8 20. Bxe4 fxe4 21. b4 Rd8
22. b5 c5 23. Rc3 cxd4 24. exd4 dxc4 25. Rxc4 Bh5 26. g4 Be8 27. Re1 Bg6 28.
Nxg6 hxg6 29. Rxe4 Rd6 30. Rc7 Rf7 31. Rc8+ Rf8 32. Rxf8+ Kxf8 33. Kg2 Kf7 34.
g5 a6 35. Kf3 1/2-1/2

[Event "AUTO-MASTER-1107"]
[Site "http://www.queenalice.com/game.php?id=889125"]
[Date "2011.1.21"]
[Round "2"]
[White "castel1341"]
[Black "Mix"]
[Result "0-1"]
[WhiteElo "2124"]
[BlackElo "2286"]

1. e4 c6 2. d4 d5 3. Nc3 dxe4 4. Nxe4 Bf5 5. Ng3 Bg6 6. h4 h6 7. h5 Bh7 8. Nh3
e6 9. Bc4 Nf6 10. Nf4 Bd6 11. Qe2 Nd5 12. Nxd5 cxd5 13. Bd3 Bxd3 14. Qxd3 Nc6
15. Bd2 Qf6 16. Ne2 O-O 17. f4 b5 18. O-O-O a5 19. g4 Nb4 20. Bxb4 axb4 21. g5
Bxf4+ 22. Nxf4 Qxf4+ 23. Kb1 Qxg5 24. Rdg1 Qf4 25. Rh3 Ra7 26. Rhg3 f5 27. Rg6
Rfa8 28. Qxb5 Qxd4 29. Qc6 f4 30. Qxe6+ Kh8 31. Qc6 Ra6 32. Qb7 Rxa2 33. Qb8+
Rxb8 0-1